000 01380pam a2200325 i 4500
001 4394982
003 EG-ScBUE
005 20250526104006.0
008 920312s1992 nyua f b 001 0 eng d
020 _a048667164X (pbk.)
020 _a9780486671642
040 _aEG-ScBUE
_beng
_erda
_cEG-ScBUE
_dEG-ScBUE
082 0 4 _a530.15
_222
_bBYR
100 1 _aByron, Frederick W.,
_96792
_eauthor.
245 1 0 _aMathematics of classical and cuantum physics /
_cFrederick W. Byron, Jr. and Robert W. Fuller.
250 _aFirst edition.
264 1 _aNew York :
_bDover Publications, Inc.,
_c1992.
300 _a2 volumes in 1 :
_billustrations ;
_c24 cm
336 _2rdacontent
_atext
_btxt
337 _aunmediated
_2rdamedia
_bn
338 _avolume
_bnc
_2rdacarrier
500 _a"Unabridged, corrected republication of the work first published in two volumes by the Addison-Wesley Publishing Company, Reading, Mass., 1969 (vol. one) and 1970 (vol. two) ... in the 'Addison-Wesley series in advanced physics'"--T.p. verso.
504 _aIncludes bibliographical references and index.
650 7 _aMathematical physics.
_96793
_2BUEsh
650 7 _aQuantum theory.
_96794
_2BUEsh
655 _vReading book
700 1 _aFuller, Robert W.,
_96795
_eauthor.
856 4 2 _3Publisher description
_uhttp://www.loc.gov/catdir/description/dover032/92011943.html
942 _2ddc
_cBB
999 _c11995
_d11995